[Event "DEN-chT XtraCon 2018-19"]
[Site "Denmark"]
[Date "2019.01.13"]
[Round "6"]
[White "Svenninggaard, Thomas"]
[Black "Ochsner, Thomas"]
[Result "1/2-1/2"]
[WhiteElo "2131"]
[BlackElo "2289"]
[Annotator "NA"]
[PlyCount "95"]
[EventDate "2018.10.27"]
[EventType "team-tourn"]
[EventCountry "DEN"]
[SourceTitle "playchess.com"]
[Source "ChessBase"]
[SourceQuality "1"]
[TimeControl "40/5400+30:1800+30"]

1. e4 {[%emt 0:00:00]} e5 {[%emt 0:00:00]} 2. Nf3 {[%emt 0:00:00]} Nc6 {[%emt 0:00:00]} 3. Bb5 {[%emt 0:00:00]} a6 {[%emt 0:01:12]} 4. Ba4 {[%emt 0:00:08]} Nf6 {[%emt 0:00:08]} 5. d3 {[%emt 0:00:20]} d6 {[%emt 0:03:08]} 6. h3 {[%emt 0:03:24]} b5 {[%emt 0:05:39]} 7. Bb3 {[%emt 0:00:13]} Na5 {[%emt 0:00:14]} 8. Bg5 {[%emt 0:03:17]} Be7 {[%emt 0:01:22]} 9. O-O {[%emt 0:00:34]} O-O {[%emt 0:01:37]} 10. Nbd2 {[%emt 0:02:40]} h6 {[%emt 0:12:19]} 11. Bxf6 {[%emt 0:06:05]} Bxf6 {[%emt 0:00:08]} 12. Re1 {[%emt 0:00:17]} Bb7 {[%emt 0:08:34]} 13. Nf1 {[%emt 0:14:26]} Nxb3 {[%emt 0:05:55]} 14. axb3 {[%emt 0:00:19]} g6 {[%emt 0:00:08]} 15. c4 {[%emt 0:13:39]} Bg7 {[%emt 0:03:47]} 16. Qd2 {[%emt 0:03:52]} c6 {[%emt 0:07:55]} 17. Ng3 {[%emt 0:12:17]} Qb6 {[%emt 0:05:11]} 18. h4 {[%emt 0:08:19]} Bc8 {[%emt 0:01:39]} 19. h5 {[%emt 0:02:20]} Be6 {[%emt 0:02:47]} 20. Qa5 {[%emt 0:03:38]} Qxa5 {[%emt 0:01:58]} 21. Rxa5 {[%emt 0:00:10]} Rfb8 {[%emt 0:00:50]} 22. hxg6 {[%emt 0:02:42]} fxg6 {[%emt 0:00:09]} 23. Rea1 {[%emt 0:01:36]} bxc4 {[%emt 0:01:04]} 24. bxc4 {[%emt 0:00:31]} Bc8 {[%emt 0:00:23]} 25. c5 {[%emt 0:03:23]} dxc5 {[%emt 0:03:01]} 26. Rxc5 {[%emt 0:00:24]} Rxb2 {[%emt 0:00:30]} 27. Rxc6 {[%emt 0:00:17]} a5 {[%emt 0:09:42]} 28. Rxg6 {[%emt 0:05:44]} Kf7 {[%emt 0:04:11]} 29. Rc6 {[%emt 0:01:55]} Bd7 {[%emt 0:06:25]} 30. Rc7 {[%emt 0:03:09]} Ke8 {[%emt 0:00:07]} 31. Nh5 {[%emt 0:01:42]} Bh8 {[%emt 0:00:48]} 32. Ra3 {[%emt 0:01:37]} a4 {[%emt 0:01:12]} 33. Nh4 {[%emt 0:00:50]} Kd8 {[%emt 0:04:05]} 34. Rc4 {[%emt 0:02:49]} Be8 {[%emt 0:00:25]} 35. g4 {[%emt 0:02:24]} Rc8 {[%emt 0:02:15]} 36. Rxc8+ {[%emt 0:00:46]} Kxc8 {[%emt 0:00:02]} 37. Nf5 {[%emt 0:00:18]} Kc7 {[%emt 0:01:04]} 38. Ne3 {[%emt 0:00:42]} Rb3 {[%emt 0:01:46]} 39. Nc4 {[%emt 0:01:28]} Rxa3 {[%emt 0:07:07]} 40. Nxa3 {[%emt 0:00:11]} Kc6 {[%emt 0:00:34]} 41. Kf1 {[%emt 0:03:59]} Kc5 {[%emt 0:04:20]} 42. Nc2 {[%emt 0:04:09]} Bxh5 {[%emt 0:01:21]} 43. gxh5 {[%emt 0:00:26]} Bf6 {[%emt 0:00:05]} 44. Ke2 {[%emt 0:07:13]} Bg5 {[%emt 0:05:05]} 45. d4+ {[%emt 0:05:36]} exd4 {[%emt 0:05:12]} 46. Kd3 {[%emt 0:00:21]} Bc1 47. Nxd4 Bb2 48. Nc2 1/2-1/2

[Event "DEN-chT XtraCon 2018-19"]
[Site "Denmark"]
[Date "2019.01.13"]
[Round "6"]
[White "Ejsing, Esben"]
[Black "Pedersen, Nicolai Kvist Brond"]
[Result "1/2-1/2"]
[WhiteElo "2127"]
[BlackElo "2262"]
[Annotator "NA"]
[PlyCount "98"]
[EventDate "2018.10.27"]
[EventType "team-tourn"]
[EventCountry "DEN"]
[SourceTitle "playchess.com"]
[Source "ChessBase"]
[SourceQuality "1"]
[TimeControl "40/5400+30:1800+30"]

1. Nf3 {[%emt 0:00:00]} Nf6 {[%emt 0:00:44]} 2. g3 {[%emt 0:00:21]} b5 {[%emt 0:01:14]} 3. Bg2 {[%emt 0:00:14]} Bb7 {[%emt 0:00:10]} 4. O-O {[%emt 0:00:15]} e6 {[%emt 0:01:32]} 5. d3 {[%emt 0:06:46]} Be7 {[%emt 0:04:40]} 6. e4 {[%emt 0:01:48]} d6 {[%emt 0:01:30]} 7. b3 {[%emt 0:03:18]} c5 {[%emt 0:06:05]} 8. Bb2 {[%emt 0:00:13]} O-O {[%emt 0:03:27]} 9. Nbd2 {[%emt 0:02:03]} Nc6 {[%emt 0:11:57]} 10. c4 {[%emt 0:29:24]} a6 {[%emt 0:08:20]} 11. h4 {[%emt 0:00:12]} Qc7 {[%emt 0:08:51]} 12. Bh3 {[%emt 0:02:07]} Rfd8 {[%emt 0:06:15]} 13. Qe2 {[%emt 0:05:44]} Nd7 {[%emt 0:04:26]} 14. Rac1 {[%emt 0:09:52]} Bf6 {[%emt 0:04:24]} 15. Bxf6 {[%emt 0:01:26]} Nxf6 {[%emt 0:00:21]} 16. Nb1 {[%emt 0:03:55]} bxc4 {[%emt 0:06:30]} 17. bxc4 {[%emt 0:00:44]} Rab8 {[%emt 0:02:41]} 18. Nc3 {[%emt 0:02:29]} Ba8 {[%emt 0:00:52]} 19. h5 {[%emt 0:06:29]} Nxh5 {[%emt 0:06:17]} 20. Qe3 {[%emt 0:07:36]} Nf6 {[%emt 0:01:01]} 21. g4 {[%emt 0:00:41]} Ne7 {[%emt 0:04:55]} 22. g5 {[%emt 0:00:51]} Nd7 {[%emt 0:00:42]} 23. Nh2 {[%emt 0:01:27]} Re8 {[%emt 0:02:24]} 24. f4 {[%emt 0:00:15]} d5 {[%emt 0:01:03]} 25. cxd5 {[%emt 0:02:44]} exd5 {[%emt 0:00:49]} 26. Na4 {[%emt 0:00:07]} dxe4 {[%emt 0:01:27]} 27. Bxd7 {[%emt 0:01:32]} Qxd7 {[%emt 0:02:29]} 28. Nxc5 {[%emt 0:00:09]} Qa7 {[%emt 0:01:21]} 29. dxe4 {[%emt 0:00:45]} Rbc8 {[%emt 0:00:52]} 30. Qf2 {[%emt 0:01:01]} Ng6 {[%emt 0:00:55]} 31. f5 {[%emt 0:02:51]} Ne5 {[%emt 0:01:23]} 32. Rfd1 {[%emt 0:01:31]} Red8 {[%emt 0:02:12]} 33. Rxd8+ {[%emt 0:00:48]} Rxd8 {[%emt 0:00:01]} 34. Nf3 {[%emt 0:02:30]} Nxf3+ {[%emt 0:00:44]} 35. Qxf3 {[%emt 0:00:07]} Rc8 {[%emt 0:00:38]} 36. Qe3 {[%emt 0:00:27]} Qe7 {[%emt 0:02:11]} 37. Nxa6 {[%emt 0:02:18]} Rxc1+ {[%emt 0:01:04]} 38. Qxc1 {[%emt 0:00:01]} Bxe4 {[%emt 0:01:13]} 39. Qc8+ {[%emt 0:02:39]} Qf8 {[%emt 0:00:02]} 40. Qxf8+ {[%emt 0:00:47]} Kxf8 {[%emt 0:00:01]} 41. f6 {[%emt 0:30:12]} gxf6 {[%emt 0:04:26]} 42. gxf6 {[%emt 0:00:00]} Ke8 {[%emt 0:05:29]} 43. Nc5 {[%emt 0:00:00]} Bc6 {[%emt 0:03:33]} 44. Kf2 {[%emt 0:00:00]} Kd8 {[%emt 0:00:10]} 45. Ke3 {[%emt 0:00:00]} Kc7 {[%emt 0:01:54]} 46. Ne6+ {[%emt 0:00:00]} Kd6 {[%emt 0:02:53]} 47. Ng5 {[%emt 0:00:00]} Ke5 {[%emt 0:05:32]} 48. Nxf7+ {[%emt 0:00:00]} Kxf6 {[%emt 0:00:11]} 49. Nd6 {[%emt 0:00:00]} Ba4 {[%emt 0:00:19]} 1/2-1/2

[Event "DEN-chT XtraCon 2018-19"]
[Site "Denmark"]
[Date "2019.01.13"]
[Round "6"]
[White "Wilbrandt, Simon Pil"]
[Black "Ramsdal, Jens Albert"]
[Result "0-1"]
[WhiteElo "2117"]
[BlackElo "2251"]
[Annotator "NA"]
[PlyCount "94"]
[EventDate "2018.10.27"]
[EventType "team-tourn"]
[EventCountry "DEN"]
[SourceTitle "playchess.com"]
[Source "ChessBase"]
[SourceQuality "1"]
[TimeControl "40/5400+30:1800+30"]

1. d4 {[%emt 0:00:00]} Nf6 {[%emt 0:00:00]} 2. c4 {[%emt 0:00:00]} g6 {[%emt 0:00:00]} 3. Nc3 {[%emt 0:00:00]} Bg7 {[%emt 0:00:00]} 4. e4 {[%emt 0:00:00]} d6 {[%emt 0:00:00]} 5. h3 {[%emt 0:00:40]} O-O {[%emt 0:00:16]} 6. Be3 {[%emt 0:00:03]} c5 {[%emt 0:00:38]} 7. dxc5 {[%emt 0:01:03]} dxc5 {[%emt 0:00:09]} 8. Qxd8 {[%emt 0:00:06]} Rxd8 {[%emt 0:00:04]} 9. Bxc5 {[%emt 0:00:06]} Nc6 {[%emt 0:00:06]} 10. Nf3 {[%emt 0:01:00]} b6 {[%emt 0:04:22]} 11. Be3 {[%emt 0:00:06]} Bb7 {[%emt 0:01:04]} 12. Nd2 {[%emt 0:01:10]} Nd4 {[%emt 0:06:20]} 13. O-O-O {[%emt 0:04:43]} Nd7 {[%emt 0:07:08]} 14. Nb3 {[%emt 0:11:53]} Nxb3+ {[%emt 0:03:54]} 15. axb3 {[%emt 0:00:06]} Bxc3 {[%emt 0:03:03]} 16. bxc3 {[%emt 0:00:07]} Bxe4 {[%emt 0:00:07]} 17. f3 {[%emt 0:05:32]} Bf5 {[%emt 0:07:03]} 18. g4 {[%emt 0:05:26]} Be6 {[%emt 0:00:01]} 19. f4 {[%emt 0:00:30]} Nc5 {[%emt 0:06:53]} 20. Rxd8+ {[%emt 0:03:18]} Rxd8 {[%emt 0:00:03]} 21. Bxc5 {[%emt 0:00:08]} bxc5 {[%emt 0:00:09]} 22. Be2 {[%emt 0:01:34]} Bc8 {[%emt 0:22:48]} 23. Rd1 {[%emt 0:06:45]} Rxd1+ {[%emt 0:03:05]} 24. Kxd1 {[%emt 0:05:36]} Bb7 {[%emt 0:00:05]} 25. b4 {[%emt 0:00:25]} Kg7 {[%emt 0:20:27]} 26. Kd2 {[%emt 0:04:25]} Kf6 {[%emt 0:03:33]} 27. Ke3 {[%emt 0:02:15]} g5 {[%emt 0:05:13]} 28. Bf3 {[%emt 0:04:09]} Bc8 {[%emt 0:00:04]} 29. Bd5 {[%emt 0:09:46]} e6 {[%emt 0:00:10]} 30. Be4 {[%emt 0:02:05]} h6 {[%emt 0:00:02]} 31. Ba8 {[%emt 0:01:47]} Ke7 {[%emt 0:00:10]} 32. Ke4 {[%emt 0:02:35]} Kd6 {[%emt 0:00:00]} 33. Ke3 {[%emt 0:03:33]} f6 {[%emt 0:00:08]} 34. Bf3 Ba6 {[%emt 0:03:57]} 35. Be2 Bb7 {[%emt 0:00:30]} 36. Bf3 {[%emt 0:25:01]} Kc7 {[%emt 0:00:01]} 37. Bxb7 {[%emt 0:00:30]} Kxb7 {[%emt 0:00:30]} 38. Ke4 {[%emt 0:00:30]} gxf4 {[%emt 0:00:30]} 39. Kxf4 {[%emt 0:00:30]} a5 {[%emt 0:03:47]} 40. bxa5 {[%emt 0:00:28]} Ka6 {[%emt 0:00:01]} 41. h4 {[%emt 0:05:04]} Kxa5 {[%emt 0:30:30]} 42. g5 {[%emt 0:00:30]} hxg5+ {[%emt 0:00:30]} 43. hxg5 {[%emt 0:00:30]} fxg5+ {[%emt 0:00:30]} 44. Kxg5 {[%emt 0:00:30]} Ka4 {[%emt 0:00:30]} 45. Kf6 {[%emt 0:00:30]} Kb3 {[%emt 0:00:30]} 46. Kxe6 {[%emt 0:00:30]} Kxc3 {[%emt 0:00:30]} 47. Kd5 {[%emt 0:00:30]} Kb4 {[%emt 0:00:30]} 0-1

[Event "DEN-chT XtraCon 2018-19"]
[Site "Denmark"]
[Date "2019.01.13"]
[Round "6"]
[White "Pedersen, Lars"]
[Black "Percivaldi, Martin"]
[Result "0-1"]
[WhiteElo "2082"]
[BlackElo "2395"]
[Annotator "NA"]
[PlyCount "80"]
[EventDate "2018.10.27"]
[EventType "team-tourn"]
[EventCountry "DEN"]
[SourceTitle "playchess.com"]
[Source "ChessBase"]
[SourceQuality "1"]
[TimeControl "40/5400+30:1800+30"]

1. d4 {[%emt 0:00:00]} d5 {[%emt 0:00:00]} 2. c4 {[%emt 0:00:00]} dxc4 {[%emt 0:00:00]} 3. Nf3 {[%emt 0:01:14]} a6 {[%emt 0:00:12]} 4. Nc3 {[%emt 0:01:40]} b5 {[%emt 0:03:02]} 5. a4 {[%emt 0:03:17]} b4 {[%emt 0:01:05]} 6. Nb1 {[%emt 0:02:08]} Bb7 {[%emt 0:02:00]} 7. e3 {[%emt 0:00:23]} Nf6 {[%emt 0:00:07]} 8. Bxc4 {[%emt 0:00:12]} e6 {[%emt 0:00:04]} 9. O-O {[%emt 0:00:22]} Nbd7 {[%emt 0:02:06]} 10. Qe2 {[%emt 0:01:01]} Be7 {[%emt 0:00:48]} 11. Nbd2 {[%emt 0:01:19]} c5 {[%emt 0:02:46]} 12. e4 {[%emt 0:04:38]} cxd4 {[%emt 0:04:00]} 13. e5 {[%emt 0:02:10]} Nd5 {[%emt 0:00:29]} 14. Ne4 {[%emt 0:00:18]} Nc5 {[%emt 0:02:08]} 15. Nxc5 {[%emt 0:03:27]} Bxc5 {[%emt 0:00:14]} 16. Bg5 {[%emt 0:00:19]} Be7 {[%emt 0:01:53]} 17. Bd2 {[%emt 0:07:06]} O-O {[%emt 0:08:47]} 18. Bd3 {[%emt 0:00:53]} Nb6 {[%emt 0:02:16]} 19. h4 {[%emt 0:18:42]} Qd5 {[%emt 0:08:46]} 20. a5 {[%emt 0:08:27]} Nd7 {[%emt 0:00:06]} 21. Rfe1 {[%emt 0:00:11]} Rfc8 {[%emt 0:06:37]} 22. Qf1 {[%emt 0:10:04]} Nc5 {[%emt 0:00:11]} 23. Bc4 {[%emt 0:00:45]} Qd8 {[%emt 0:10:05]} 24. Bxb4 {[%emt 0:04:43]} Bxh4 {[%emt 0:04:17]} 25. Nxh4 {[%emt 0:06:33]} Qxh4 {[%emt 0:00:09]} 26. f3 {[%emt 0:00:15]} d3 {[%emt 0:03:12]} 27. Bxc5 {[%emt 0:05:18]} Rxc5 {[%emt 0:00:08]} 28. Bxd3 {[%emt 0:02:46]} Rxe5 {[%emt 0:00:22]} 29. Rxe5 {[%emt 0:01:22]} Qd4+ {[%emt 0:01:12]} 30. Qf2 {[%emt 0:00:12]} Qxe5 {[%emt 0:00:08]} 31. Qb6 {[%emt 0:00:26]} Rb8 {[%emt 0:02:01]} 32. Rc1 {[%emt 0:03:56]} g6 {[%emt 0:03:35]} 33. Rc7 {[%emt 0:02:05]} Rd8 {[%emt 0:03:45]} 34. Qxb7 {[%emt 0:06:24]} Qe3+ {[%emt 0:00:05]} 35. Kh2 {[%emt 0:00:25]} Qf4+ {[%emt 0:02:30]} 36. Kg1 {[%emt 0:02:21]} Rxd3 {[%emt 0:00:57]} 37. Qc8+ {[%emt 0:01:35]} Kg7 {[%emt 0:00:14]} 38. Rc1 {[%emt 0:00:08]} Qd4+ {[%emt 0:00:43]} 39. Kh2 {[%emt 0:00:34]} Qe5+ {[%emt 0:00:31]} 40. Kg1 {[%emt 0:01:41]} Qxb2 {[%emt 0:00:40]} 0-1

[Event "DEN-chT XtraCon 2018-19"]
[Site "Denmark"]
[Date "2019.01.13"]
[Round "6"]
[White "Skjoldager, Per"]
[Black "Antonsen, Mikkel"]
[Result "0-1"]
[WhiteElo "2052"]
[BlackElo "2424"]
[Annotator "TA"]
[PlyCount "80"]
[EventDate "2018.10.27"]
[EventType "team-tourn"]
[EventCountry "DEN"]
[SourceTitle "playchess.com"]
[Source "ChessBase"]
[SourceQuality "1"]

{[%evp 11,80,52,41,28,45,14,19,17,21,13,18,14,16,-2,20,22,25,11,14,-4,10,10,12,0,25,2,21,-12,-16,-33,-27,-79,-77,-84,-84,-84,-84,-84,-63,-68,-47,-45,-47,-48,-35,-84,-84,-84,-84,-84,-84,-99,-83,-126,-117,-121,-123,-135,-104,-105,-82,-296,-325,-326,-338,-357,-354,-1087,-1116,-1081,-1043]} 1. e4 e6 2. d4 d5 3. Nc3 Bb4 4. e5 Qd7 5. Qg4 Bf8 6. Bd3 {C16: French: 3 Nc3 Bb4 4 e5: Lines without ...c5} (6. Nf3 Ne7 7. Ne2 Nbc6 8. c3 h5 9. Qh3 g6 10. Bg5 Bg7 11. Nf4 Nf5 12. Bd3 Nce7 13. Bf6 Kf8 14. Ng5 Qd8 15. Bxg7+ Kxg7 16. Qf3 h4 17. g4 hxg3 18. hxg3 Bd7 19. O-O-O Nh6 20. g4 c5 {1-0 (20) Kobalia,M (2620)-Antipov,M (2593) Sochi 2018}) 6... b6 {LiveBook: 4 Games} 7. Nce2 Ba6 8. Qg3 $146 {White is slightly better.} ({Predecessor:} 8. Bxa6 Nxa6 9. c3 c5 10. Nf3 Ne7 11. O-O c4 12. Bg5 Nf5 13. Ng3 h6 14. Bd2 {0-1 (39) Chen,K (2016)-Udani,I (2246) Penang 2018}) 8... Ne7 9. Bxa6 Nxa6 10. c3 c5 11. Qd3 Nc7 12. f4 Qb5 13. Qxb5+ Nxb5 14. a4 Nc7 15. Nf3 Nc6 {[%cal Be7c6,Bc6a5,Ba5c4][%mdl 32]} 16. Be3 Na5 17. Nd2 f5 18. exf6 gxf6 19. Nc1 Kf7 20. Nd3 {[%cal Rd4c5]} Nc4 21. Nxc4 (21. Bf2 $11 {keeps the balance.}) 21... dxc4 $17 22. Nc1 Nd5 $36 {[%mdl 2048] Black has strong initiative.} 23. Kf2 cxd4 24. cxd4 Bh6 25. Ne2 Rac8 26. Bd2 Rhd8 27. Rhd1 f5 28. Kf3 Bg7 29. Be1 Bf6 30. Rac1 a6 {[%cal Ba7a6,Ba6b5][%mdl 32]} 31. Rc2 b5 32. axb5 axb5 33. Ra1 Rd7 34. Ra5 Rb8 35. Rc1 Ne7 36. Nc3 $2 {[#]} (36. Ra6 $17 {is a better defense.}) 36... Nc6 $19 ({Inferior is} 36... Bxd4 37. Rxb5 Rdb7 38. Rxb7 $15) ({Don't take} 36... Rxd4 37. g3 $17) 37. Ra6 Nxd4+ 38. Ke3 Rbd8 39. Rb6 $2 (39. g3) 39... Nb3 40. Rc2 Bd4+ {Precision: White = 31%, Black = 55%.} 0-1

[Event "DEN-chT XtraCon 2018-19"]
[Site "Denmark"]
[Date "2019.02.24"]
[Round "7.1"]
[White "Hillarp-Persson, Tiger"]
[Black "Teplyi, Igor"]
[Result "1/2-1/2"]
[WhiteElo "2558"]
[BlackElo "2410"]
[Annotator "TA"]
[PlyCount "54"]
[EventDate "2018.10.27"]
[EventType "team-tourn"]
[EventCountry "DEN"]
[SourceTitle "playchess.com"]
[Source "ChessBase"]
[SourceQuality "1"]

{[%evp 17,54,-28,-27,-17,-2,-29,8,0,28,27,45,37,40,39,35,31,52,18,31,31,85,72,70,58,89,39,31,31,93,50,50,67,58,72,59,0,0,0,49]} 1. c4 c5 2. Nf3 Nc6 3. b3 e5 4. Bb2 d6 5. g3 g6 6. Bg2 {A30: Symmetrical English: Double Fianchetto and Hedgehog} Bg7 7. O-O Nge7 8. Nc3 O-O 9. Ne1 Be6 {LiveBook: 8 Games} 10. Nd5 Rb8 11. f4 $146 ({Predecessor:} 11. Nc2 b5 12. d3 Qd7 13. Nce3 Bh3 14. Bxh3 Qxh3 15. f4 Nxd5 16. Nxd5 {1-0 (28) Svidler,P (2727)-Khismatullin,D (2651) Berlin 2015}) 11... f5 12. d3 Kh8 13. Qd2 Bg8 14. e3 b5 15. Nxe7 Nxe7 16. cxb5 Rxb5 17. Nc2 {[%cal Be1c2,Bc2a3,Ba3b5][%mdl 32]} Rb8 18. Na3 Nc8 ({Better is} 18... Nd5 $14) 19. fxe5 dxe5 20. Rac1 Qd6 21. Rfd1 Nb6 22. Qa5 $36 {[%mdl 2048] White has good play.} Rfc8 ({Black should try} 22... f4 $14) 23. Nb5 Qd7 {[#] Threatens to win with ...Nd5.} 24. Nxa7 Rc7 25. Nb5 Rcc8 {Black wants to play ...Nd5.} 26. Na7 Rc7 27. Nb5 Rcc8 {Precision: White = 73%, Black = 35%.} 1/2-1/2

[Event "DEN-chT XtraCon 2018-19"]
[Site "Denmark"]
[Date "2019.02.24"]
[Round "7.1"]
[White "Glud, Jakob Vang"]
[Black "Andersen, Mads"]
[Result "1-0"]
[WhiteElo "2545"]
[BlackElo "2605"]
[Annotator "TA"]
[PlyCount "115"]
[EventDate "2018.10.27"]
[EventType "team-tourn"]
[EventCountry "DEN"]
[SourceTitle "playchess.com"]
[Source "ChessBase"]
[SourceQuality "1"]

{[%evp 16,115,16,10,11,11,13,18,23,26,27,24,34,22,29,29,29,24,39,34,38,41,38,31,93,102,92,45,52,57,81,89,143,127,129,112,111,106,159,142,337,160,310,308,520,530,529,516,513,517,508,491,472,412,377,245,240,243,235,229,202,202,202,198,320,231,260,214,231,233,220,227,221,189,189,189,189,190,239,191,200,200,200,220,929,941,902,881,1336,1300,1161,1042,1345,1227,2584,2093,2150,2045,5535,4942,1707,1712]} 1. c4 c6 2. d4 d5 3. cxd5 cxd5 4. Nf3 Nf6 5. Nc3 Nc6 6. Bf4 Bf5 7. Qb3 Na5 8. Qa4+ Bd7 9. Qc2 e6 {D14: Slav Defence: Exchange variation with ...Bf5} 10. e3 Be7 11. Bd3 O-O {The position is equal.} (11... Rc8 12. O-O Nc6 13. Qe2 Nh5 14. Be5 O-O 15. h3 f5 {1-0 (38) Korobov,A (2694)-Rodshtein,M (2674) Czech Republic 2018}) 12. O-O Rc8 13. Ne5 Nc6 14. Qe2 Qb6 15. Rac1 Nxe5 $146 ({Predecessor:} 15... Rfd8 16. Bg5 h6 17. Bh4 Be8 {1-0 (32) Marin Munoz,R (2164)-Ortiz Jara,S (1917) Santiago de Chile 2008}) 16. Bxe5 Bc6 17. Rc2 Qd8 18. Rfc1 Qd7 19. Qf3 b5 (19... Rfd8 $14) 20. Qe2 $16 {[%cal Rc3b5]} a6 21. Nb1 Ne4 22. Nd2 Nxd2 23. Qxd2 Qb7 ({Black should try} 23... g6) 24. Qd1 g6 25. Qf3 f6 26. Bg3 Qb6 (26... Qd7 $142) 27. Qg4 Kf7 $2 (27... f5 $16 28. Qd1 Rfd8) 28. h4 (28. Qh3 $18 {is the precise move to win.} Rh8 {[#]} 29. e4 $1 {[%mdl 512]}) 28... Rg8 (28... f5 $16 29. Qh3 h5) 29. h5 $18 a5 $2 (29... f5 30. Qh3 Qb7) 30. Qh3 f5 31. Be5 Bf6 32. Bxf6 Kxf6 33. Qh4+ Kf7 34. Qf4 Bd7 35. Qh6 Rxc2 36. Qxh7+ ({But not} 36. Rxc2 Rg7) 36... Rg7 37. hxg6+ Kf6 38. Qh4+ Kxg6 39. Rxc2 {Hoping for Be2.} Qd6 (39... Qb8 $142 40. g4 Kf7) 40. f4 {[#] And now Be2 would win.} Rh7 41. Qg5+ Kf7 42. Rc5 Qb8 43. Be2 Rg7 44. Bh5+ Kg8 45. Qf6 a4 46. Kf2 Qb6 47. Qe5 b4 48. Qc7 Qxc7 49. Rxc7 Bb5 $2 (49... a3 50. bxa3 bxa3) 50. Rxg7+ {White is clearly winning.} Kxg7 {[%mdl 4096] Endgame KB-KB} 51. a3 {[%cal Ba2a3,Ba3b4][%mdl 32]} Kf6 52. axb4 Ke7 53. Kg3 Kd6 54. Kh4 Kc7 55. Kg5 Kb6 56. Kf6 Bf1 57. Bd1 Kb5 58. Kxe6 {Accuracy: White = 78%, Black = 37%.} 1-0

[Event "DEN-chT XtraCon 2018-19"]
[Site "Denmark"]
[Date "2019.02.24"]
[Round "7.1"]
[White "Brunello, Sabino"]
[Black "Hansen, Sune Berg"]
[Result "1/2-1/2"]
[WhiteElo "2535"]
[BlackElo "2583"]
[Annotator "TA"]
[PlyCount "35"]
[EventDate "2018.10.27"]
[EventType "team-tourn"]
[EventCountry "DEN"]
[SourceTitle "playchess.com"]
[Source "ChessBase"]
[SourceQuality "1"]

{[%evp 14,35,39,33,37,31,40,47,34,40,35,25,33,28,56,50,51,63,96,31,34,44,49,40]} 1. d4 Nf6 2. c4 e6 3. Nf3 Bb4+ 4. Bd2 a5 5. g3 d6 6. Bg2 Nbd7 7. O-O e5 8. e3 Bxd2 {E11: Bogo-Indian} (8... c6 9. Bc3 e4 10. Ne1 O-O 11. a3 Bxc3 12. Nxc3 Re8 13. f3 exf3 14. Qxf3 Nb6 15. b3 a4 16. c5 dxc5 17. dxc5 {½-½ (60) Bacrot,E (2705)-Fressinet,L (2706) Calvi 2013}) 9. Nfxd2 O-O 10. Nc3 c6 11. a3 exd4 12. exd4 d5 $146 ({Predecessor:} 12... Nb6 13. d5 cxd5 14. cxd5 Bf5 15. Qf3 Qd7 16. Rfe1 {1-0 (63) Hernandez Carmenates,H (2570)-Alvarez Pedraza,A (2551) Havana 2012}) 13. cxd5 cxd5 14. Rc1 Nb6 15. Re1 Be6 16. Qe2 (16. Nb3 $16) 16... Re8 $14 17. Qb5 Bd7 18. Rxe8+ 1/2-1/2

[Event "DEN-chT XtraCon 2018-19"]
[Site "Denmark"]
[Date "2019.02.24"]
[Round "7.1"]
[White "Rodgaard, John"]
[Black "Thybo, Jesper Sondergaard"]
[Result "0-1"]
[WhiteElo "2285"]
[BlackElo "2517"]
[Annotator "TA"]
[PlyCount "100"]
[EventDate "2018.10.27"]
[EventType "team-tourn"]
[EventCountry "DEN"]
[SourceTitle "playchess.com"]
[Source "ChessBase"]
[SourceQuality "1"]

{[%evp 12,100,14,0,0,-1,0,19,10,-32,-33,-29,-18,-29,-36,-34,-22,-46,-17,-3,-16,-33,-25,-34,-30,-35,-40,-31,-25,-35,-37,-45,-13,-21,-4,-50,-13,-40,-33,-33,-36,-29,-29,-106,-100,-93,-103,-252,-252,-314,-184,-182,-156,-243,-111,-300,-289,-277,-268,-268,-207,-207,-209,-277,-220,-218,-147,-177,-177,-169,-153,-153,-151,-199,-199,-222,-220,-254,-252,-332,-285,-275,-199,-736,-659,-863,-843,-29984,-598,-29985,-29986]} 1. c4 e5 2. Nc3 Nf6 3. Nf3 Nc6 4. e3 Bb4 5. Qc2 Bxc3 6. Qxc3 Qe7 7. a3 O-O {A28: English Opening: Four Knights Variation} 8. b4 d5 9. cxd5 Nxd5 {The position is equal.} 10. Qc5 (10. Qb3 {is more complex.} Rd8 11. d3 Bg4 12. Be2 Qe6 13. Qb2) 10... Qxc5 11. bxc5 e4 $146 ({Predecessor:} 11... f6 12. Bb2 Be6 {½-½ (79) Drozdowski,K (2435)-Miton,K (2624) Poland 2013}) 12. Ng5 Bf5 $1 13. f3 exf3 14. gxf3 Rfe8 15. Kf2 h6 16. Nh3 Ne5 17. Ng1 $1 {With the idea e4.} Nd3+ 18. Bxd3 $1 Bxd3 19. Bb2 Rad8 20. h4 Ba6 21. Rh2 Re6 22. Nh3 b6 23. e4 Ne7 24. d4 {[#] aiming for d5.} bxc5 {...Rb6 is the strong threat.} 25. d5 $1 {[%cal Rd5e6]} Rb6 $36 {[%mdl 2048] Black has some pressure.} 26. Be5 Rd7 27. Rc1 (27. Rg2 $11) 27... f6 $17 28. Ba1 c6 29. Rg2 (29. dxc6 $17 {is a better defense.} Nxc6 30. Rxc5) 29... cxd5 $19 30. Rcg1 g6 (30... dxe4 $142 31. fxe4 Rd2+ 32. Kg3 Rb3+ 33. Kh2 Rxg2+ 34. Rxg2 Kf7) 31. Nf4 g5 {White must now prevent ...d4.} 32. Nh5 (32. e5 $17 {might work better.} d4 33. exf6 Rxf6 34. Nh5) 32... Kf7 (32... d4 $19 {And now ...Ng6 would win.} 33. e5 fxe5 34. hxg5 Kf7) 33. e5 $2 (33. Nxf6 $17 Rxf6 34. Bxf6 Kxf6 35. hxg5+ hxg5 36. Rxg5) 33... fxe5 34. hxg5 d4 35. Nf6 Rxf6 36. gxf6 Kxf6 37. Bb2 Rb7 38. Bc1 Rb3 39. Bxh6 {[#] White wants to play Bg5+.} Bb7 $1 ({But not} 39... Rxa3 40. Bg5+ Ke6 41. Bxe7 $11) 40. Bg5+ Ke6 {Strongly threatening ...Nf5.} 41. Bxe7 Kxe7 $17 {[%mdl 4096] Endgame KRR-KRB} ({Don't play} 41... Rxf3+ 42. Ke1 $15) 42. Rg6 Rxf3+ 43. Ke1 Be4 44. Ra6 Kf7 45. Rg5 Bd3 46. Rc6 Re3+ 47. Kd2 $2 (47. Kf2) 47... c4 $19 48. Rg2 Rf3 {Threatens to win with ...c3+.} 49. Ke1 Rf1+ 50. Kd2 e4 {Accuracy: White = 48%, Black = 66%.} 0-1